00922nam a22002657a 45000010005000000030006000050050017000110080041000280200018000690400029000870500016001160820008001321000019001402450067001592600038002263000061002645050008003255200146003335210023004795210020005026500036005226500033005586500032005917000033006237749FISKH20250827091952.0250805b cb ||||| |||| 00| 0 eng d a9780545518451 aFISKHbengcFISKHdFISKH aPZ7.J4134 F a418 aJenkins, Emily aFive creatures /cBy Emily Jenkins : Pictures by Tomek Bogacki aNew York : bScholastic , c2001. a32 unnumbered pages : bcolor illustrations ; c28 cm .  aG  aIn words and pictures, a girl describes the three humans and two cats that live in her house, and details some of the traits that they share.8 a340 bLexile AD 8 aG bRaz-Plus  aCounting vJuvenile Literature  aFamilyvJuvenile Literature  aMath vJuvenile Literature  aBogacki, TomekeIllustrator